000 01700cam a2200337 a 4500
001 17006353
003 OSt
005 20150408114224.0
007 co |g|||||||||
008 111019s2013 maua b 001 0 eng
010 _a 2011038345
020 _a9780763773878 (pbk.)
020 _a0763773875 (pbk.)
035 _a(OCoLC)ocn642840932
040 _aDLC
_beng
_cDLC
_dYDX
_dBTCTA
_dYDXCP
_dDLC
042 _apcc
050 0 0 _aTK5105.888
_b.S388 2013
082 0 0 _a006.7
_223
_bSPW
100 1 _aScobey, Porter.
_946327
245 1 0 _aWeb programming and Internet technologies :
_ban E-commerce approach /
_cPorter Scobey and Pawan Lingras.
260 _aBurlington, MA :
_bJones & Bartlett Learning,
_cc2013.
300 _axxvi, 547 p. :
_bill. (some col.) ;
_c24 cm. +
_e1 CD-ROM (4 3/4 in.)
500 _aIncludes bibliographical references and index.
505 0 _aSetting the scene -- Establishing a web presence -- XHTML for content structure -- CSS for content presentation -- XHTML forms for data collection and submission -- JavaScript for client-side computation and data validation -- JavaScript for client-side content behavior -- PHP for server-side preprocessing -- MySQL for server-side data storage -- PHP and MySQL for client-server database interaction -- (Extensible markup language) for data description -- Collecting, analyzing and using visitor data.
650 0 _aWeb site development.
650 0 _aBusiness enterprises
_xData processing.
_942136
700 1 _aLingras, Pawan.
_946328
906 _a7
_bcbc
_corignew
_d1
_eecip
_f20
_gy-gencatlg
942 _2ddc
_cBOOK
999 _c35637
_d270137